Представление документа в формате RUSMARC

ПолеНазваниеЗначение
  Тип записи a
  Библиографический уровень m
001 Контрольный номер RU\NLR\BIBL_A\022552522
005 Дата корректировки 20260703125814.1
010 Индекс ISBN __
a ISBN 978-5-04-211641-4
9 Тираж 5000 экз.
b Уточнения в пер.
100 Данные общей обработки __
a Данные общей обработки 20260521d2025 u y0rusy0189 ca
101 Язык документа 0_
a Язык текста rus
102 Страна публикации __
a Страна публикации RU
105 Кодированные данные (монография) __
a Кодированные данные (монография) a z 000ay
200 Заглавие и сведения об ответственности 1_
a Заглавие Темный двойник Корсакова
e Сведения, относящиеся к заглавию оккультный детектив
f Первые сведения об ответственности Игорь Евдокимов
203 Вид содержания и тип средства __
a Вид содержания Текст
b Характеристика содержания визуальный
c Тип средства непосредственный
210 Выходные данные 1_
a Место издания Москва
c Издательство Эксмо
d Дата издания 2025
215 Физическое описание __
a Объем 443, [2] c.
c Иллюстрации/тип воспроизводства ил.
d Формат 21 см
225 Серия 1_
a Серия Альтернативная Российская империя
i Наименование части Расследования Корсакова
333 Примечание о целевом назначении __
a Примечание о целевом назначении 16+
606 Тематические рубрики 0_
a Основная рубрика Детективные романы и рассказы (х. л.)
610 Ключевые слова 0_
a Ключевые слова детективы русские
686 Индексы других классификаций __
a Классификационный индекс 84Р2-46
2 Код системы rubbk
700 Автор _1
a Фамилия Евдокимов
b Имя (инициалы) И. А.
g Полное личное имя Игорь Алексеевич
801 Источник записи _0
a Страна RU
b Организация NLR
c Дата составления 20250528
g Правила каталогизации RCR
801 Источник записи _1
a Страна RU
b Организация NLR
c Дата составления 20250528
2 Код формата rusmarc
801 Источник записи _2
a Страна RU
b Организация Ульяновская ОНБ
c Дата составления 20260521
g Правила каталогизации RCR
900 Электронные ресурсы __
a Имя электронного ресурса много20260038
900 Электронные ресурсы __
a Имя электронного ресурса много20260039
901 Тип документа __
t Тип документа m
909 Создатель записи __
a Создатель записи Макушик
b Дата создания записи 20260521
910 Корректоры записи __
a Корректор записи Пряхина
b Дата внесения изменения в запись 20260703